书目信息 |
| 题名: |
中国司法文明指数调查数据挖掘报告
|
|
| 作者: | 张中 主编 ;张保生 编写 | |
| 分册: | ||
| 出版信息: | 北京 中国人民大学出版社 2015 |
|
| 页数: | 18,380页 | |
| 开本: | 29cm | |
| 丛书名: | ||
| 单 册: | ||
| 中图分类: | D926.04 | |
| 科图分类: | ||
| 主题词: | 司法制度--si fa zhi du--研究报告--中国--2014 | |
| 电子资源: | ||
| ISBN: | 978-7-300-21140-4 | |
| 000 | 01223nam0 22002651 450 | |
| 001 | 0102093650 | |
| 005 | 20170402093650.0 | |
| 010 | @a978-7-300-21140-4@dCNY128.00 | |
| 100 | @a20150610d2015 em y0chiy50 ea | |
| 101 | 0 | @achi@eeng |
| 102 | @aCN@b110000 | |
| 105 | @ay z 000yy | |
| 106 | @ar | |
| 200 | 1 | @a中国司法文明指数调查数据挖掘报告@Azhong guo si fa wen ming zhi shu tiao cha shu ju wa jue bao gao@e2014@dMining report on China justice index@e2014@f张中主编@g张保生[等]编写@zeng |
| 210 | @a北京@c中国人民大学出版社@d2015 | |
| 215 | @a18,380页@d29cm | |
| 300 | @a国家“2011计划”司法文明协同创新中心资助 麦尼哲中国危机管理资源网技术支出 | |
| 330 | @a本书通过对9个省市司法文明状况进行实地动态检测,以普通人的视角,调查和评估可能影响人民群众日常生活的司法文明状况,展现司法文明程度的综合指标,以直接调查数据为基础,以直观图形呈现和反映了人民群众对本地司法文明发展的满意程度。 | |
| 510 | 1 | @aMining report on China justice index@e2014@zeng |
| 606 | 0 | @a司法制度@Asi fa zhi du@x研究报告@y中国@z2014 |
| 690 | @aD926.04@v5 | |
| 701 | 0 | @a张中@Azhang zhong@c(法律,@f1973~)@4主编 |
| 702 | 0 | @a张保生@Azhang bao sheng@c(法学)@4编写 |
| 801 | 0 | @aCN@bTANGWEI@c20170308 |
| 905 | @b0964705-6@dD926.04@e669@f2 | |
| 中国司法文明指数调查数据挖掘报告:2014=Mining report on China justice index:2014/张中主编/张保生[等]编写.-北京:中国人民大学出版社,2015 |
| 18,380页;29cm |
| 国家“2011计划”司法文明协同创新中心资助 麦尼哲中国危机管理资源网技术支出 |
| ISBN 978-7-300-21140-4:CNY128.00 |
| 本书通过对9个省市司法文明状况进行实地动态检测,以普通人的视角,调查和评估可能影响人民群众日常生活的司法文明状况,展现司法文明程度的综合指标,以直接调查数据为基础,以直观图形呈现和反映了人民群众对本地司法文明发展的满意程度。 |
| ● |
| 相关链接 |
|
|
|
|
正题名:中国司法文明指数调查数据挖掘报告
索取号:D926.04/669
 
预约/预借
| 序号 | 登录号 | 条形码 | 馆藏地/架位号 | 状态 | 备注 |
| 1 | 0964705 | 209647051 | 第一样本阅览室/ [索取号:D926.04/669] | 在馆 | |
| 2 | 0964706 | 209647060 | 第一借阅区/ [索取号:D926.04/669] | 在馆 |